|
|
|
|
| LEADER |
00000cam a2200000 a 4500 |
| 001 |
027411 |
| 003 |
UAHC_CL |
| 005 |
20170803122815.0 |
| 008 |
060731b xx j 000 1 eng |
| 040 |
|
|
|a UAHC_CL
|c UAHC_CL
|d UAHC_CL
|
| 110 |
0 |
|
|a Adzido Pan African Dance Ensemble
|
| 245 |
1 |
0 |
|a Thand Abantwana /
|c Adzido Pan African Dance Ensemble.
|
| 260 |
|
|
|b ARC
|a USA
|c 1996
|
| 300 |
|
|
|a 1 CD son.
|
| 900 |
|
|
|a CD-083
|
| 942 |
|
|
|c BK
|
| 952 |
|
|
|0 0
|1 0
|4 0
|6 CD_083
|7 0
|8 Hemeroteca
|9 54784
|a BS
|b BS
|c Hemeroteca
|d 2017-08-03
|l 0
|o CD-083
|p 1354824
|r 2019-01-10 00:00:00
|t 1
|w 2017-08-03
|y BK
|
| 999 |
|
|
|c 27411
|d 27411
|